[Event "XXIX Torneo San Viator - Memorial Pepe "]
[Site "Colegio San Viator. Plaza Fer"]
[Date "2017.11.05"]
[Round "8.6"]
[White "Haering Hijon, Javier"]
[Black "Alcojor Patilla, Antonio"]
[Result "1/2-1/2"]
[WhiteElo "1344"]
[BlackElo "1618"]
[PlyCount "62"]
[EventDate "2017.09.17"]
[EventRounds "9"]
[EventCountry "ESP"]

1. e4 d6 2. d4 Nf6 3. Nc3 g6 4. f4 Bg7 5. Nf3 O-O 6. Bd3 c5 7. dxc5 dxc5 8. O-O
Nc6 9. e5 Nd5 10. Nxd5 Qxd5 11. Re1 Rd8 12. Qe2 Rb8 13. Be3 Be6 14. b3 b6 15.
Rad1 Nd4 16. Bxd4 cxd4 17. Bc4 Qc5 18. Bxe6 fxe6 19. Rd3 Rbc8 20. Red1 Rd5 21.
Kf1 Rf8 22. g3 Bh6 23. Rxd4 g5 24. Rc4 Qb5 25. a4 Qd7 26. Rxd5 exd5 27. Rd4 e6
28. c4 gxf4 29. cxd5 fxg3 30. Rg4+ Bg7 31. hxg3 Qxd5 1/2-1/2

[Event "XXIX Torneo San Viator - Memorial Pepe "]
[Site "Colegio San Viator. Plaza Fer"]
[Date "2017.11.05"]
[Round "8.7"]
[White "Alvarez Poves, Jesus"]
[Black "Aldea Moreno, Marina"]
[Result "0-1"]
[WhiteElo "1598"]
[BlackElo "1479"]
[PlyCount "115"]
[EventDate "2017.09.17"]
[EventRounds "9"]
[EventCountry "ESP"]

1. d4 Nf6 2. c4 e5 3. dxe5 Ng4 4. Nf3 Bc5 5. e3 Nc6 6. a3 a5 7. Nd4 Ngxe5 8.
Be2 O-O 9. b3 Qh4 10. Bb2 Re8 11. Nb5 Qd8 12. N1c3 Na7 13. O-O d6 14. Qc2 Bd7
15. Nd4 Nac6 16. Rad1 Qg5 17. f4 Qh6 18. Ncb5 Ng4 19. Bxg4 Bxg4 20. Rde1 Rac8
21. Qd2 Bd7 22. Rf3 Re7 23. Rg3 f6 24. Qd3 Qh5 25. Nxc6 bxc6 26. Nc3 Bf5 27.
Qd2 Qf7 28. Na4 Ba7 29. Qxa5 Ra8 30. Qxf5 Re6 31. Qd3 Rb8 32. Rh3 g6 33. b4 Qe7
34. Bc1 Re8 35. f5 Re4 36. fxg6 hxg6 37. Nc3 Rg4 38. Qe2 Qe6 39. Rg3 Rxc4 40.
Rxg6+ Kf7 41. Qh5 Rf8 42. Rh6+ Ke7 43. Na4 Rc2 44. Rh7+ Kd8 45. Qa5 Bb8 46. Kh1
Qe4 47. Rg1 Qxh7 48. Bb2 Ke7 49. Qa6 Rh8 50. Bxf6+ Kxf6 51. Qf1+ Ke7 52. Qf4
Ba7 53. Rf1 Rc4 54. Qf6+ Kd7 55. h3 Rg8 56. Nb2 Rc2 57. Rg1 Bxe3 58. Qf1 0-1

[Event "XXIX Torneo San Viator - Memorial Pepe "]
[Site "Colegio San Viator. Plaza Fer"]
[Date "2017.11.05"]
[Round "8.8"]
[White "Fernandez Garcia, Emiliano"]
[Black "Arce Escobedo, Julio"]
[Result "0-1"]
[WhiteElo "1537"]
[BlackElo "1671"]
[PlyCount "138"]
[EventDate "2017.09.17"]
[EventRounds "9"]
[EventCountry "ESP"]

1. d4 d5 2. Bf4 Nf6 3. Nf3 e6 4. e3 Be7 5. h3 Nbd7 6. Bd3 b6 7. Nbd2 Bb7 8. c3
O-O 9. O-O c5 10. Re1 cxd4 11. exd4 Rc8 12. Bh2 Re8 13. Ne5 Bd6 14. Kh1 Qc7 15.
Ndf3 Nf8 16. Ng5 Bxe5 17. Bxe5 Qe7 18. Qc2 h6 19. Nf3 N8d7 20. Bf4 Nh5 21. Bh2
Nhf6 22. Re3 Nb8 23. Qe2 Nc6 24. Re1 Qf8 25. Ne5 Nxe5 26. Bxe5 Ne4 27. Bxe4
dxe4 28. Rg3 f6 29. Bf4 Kh8 30. Qh5 g5 31. Be3 Re7 32. Kg1 Rh7 33. h4 Qf7 34.
Qxf7 Rxf7 35. Rh3 Rh7 36. Rc1 Rg8 37. g3 g4 38. Rh1 Ba6 39. c4 Rc8 40. b3 h5
41. Kg2 Rd7 42. Rhd1 Kg7 43. Kf1 Kf7 44. Ke1 Ke7 45. c5 bxc5 46. dxc5 Bd3 47.
Rc3 Rc6 48. b4 Ra6 49. a3 Rc6 50. Ra1 a6 51. Kd2 Bb5+ 52. Ke1 Bd3 53. Ra2 Kd8
54. a4 Rb7 55. Rb2 Kd7 56. Kd2 Ke7 57. Bh6 e5 58. Be3 Rd7 59. Ke1 Rb7 60. Kd2
Rd7 61. Kc1 Ke6 62. b5 axb5 63. axb5 Rc8 64. c6 Rdc7 65. Bb6 Kd6 66. Bxc7+ Kxc7
67. b6+ Kb8 68. Ra2 Bb5 69. c7+ Kb7 0-1

[Event "XXIX Torneo San Viator - Memorial Pepe "]
[Site "Colegio San Viator. Plaza Fer"]
[Date "2017.11.05"]
[Round "8.9"]
[White "Cujba, Anca-Claudia"]
[Black "Rivera Rodriguez, Luis Fernando"]
[Result "0-1"]
[WhiteElo "1664"]
[BlackElo "1458"]
[PlyCount "88"]
[EventDate "2017.09.17"]
[EventRounds "9"]
[EventCountry "ESP"]

1. e4 e5 2. Nf3 Nc6 3. Nc3 Nf6 4. g3 Bc5 5. Bg2 d6 6. h3 h6 7. O-O a6 8. d3 Be6
9. Bd2 Qd7 10. Kh2 g5 11. g4 O-O-O 12. Ne2 h5 13. Nxg5 hxg4 14. Nxe6 Qxe6 15.
Ng3 gxh3 16. Bf3 Rdg8 17. Be3 Bxe3 18. fxe3 Kb8 19. Nf5 Ne7 20. Nxe7 Qxe7 21.
Qe2 Qe6 22. Rg1 Rxg1 23. Rxg1 Qxa2 24. b3 Rh7 25. Rg3 a5 26. Rxh3 Rxh3+ 27.
Kxh3 a4 28. bxa4 Qxa4 29. Bg4 Nxg4 30. Kxg4 Qd7+ 31. Kg5 Qe7+ 32. Kg4 Qe6+ 33.
Kg5 Ka7 34. Qg4 f6+ 35. Kh4 Qe7 36. Qf5 Kb6 37. Kg3 Kb5 38. Kf2 Kb4 39. Ke2 Kc3
40. Kd1 Qg7 41. Qf1 Qg4+ 42. Kc1 Qg3 43. Kb1 Qxe3 44. Qd1 Qb6+ 0-1

[Event "XXIX Torneo San Viator - Memorial Pepe "]
[Site "Colegio San Viator. Plaza Fer"]
[Date "2017.11.05"]
[Round "8.10"]
[White "Martin Claudio, Andres"]
[Black "Lavayen Torres, Leonardo"]
[Result "1-0"]
[WhiteElo "1633"]
[BlackElo "1342"]
[PlyCount "77"]
[EventDate "2017.09.17"]
[EventRounds "9"]
[EventCountry "ESP"]

1. d4 Nf6 2. c4 g6 3. Nc3 Bg7 4. e4 d6 5. Nf3 Nbd7 6. Be2 O-O 7. O-O Re8 8. Re1
e5 9. d5 Nc5 10. Qc2 a5 11. Be3 Nh5 12. Bxc5 dxc5 13. Nd2 Nf4 14. Bf3 Qg5 15.
Nf1 h5 16. Ne3 h4 17. Kh1 h3 18. g3 Nh5 19. Nb5 Re7 20. d6 cxd6 21. Nxd6 Qf6
22. Bxh5 Qxd6 23. Be2 Be6 24. Rad1 Qc6 25. Rd2 f5 26. Red1 f4 27. Nd5 Bxd5 28.
Rxd5 fxg3 29. fxg3 Qf6 30. Rf1 Qc6 31. Bg4 Bh6 32. Qd3 Qb6 33. b3 a4 34. Rd6
Qb4 35. Rxg6+ Rg7 36. Rxh6 Rxg4 37. Qd5+ Kg7 38. Qf7+ Kxh6 39. Rf6+ 1-0

[Event "XXIX Torneo San Viator - Memorial Pepe "]
[Site "Colegio San Viator. Plaza Fer"]
[Date "2017.11.05"]
[Round "8.11"]
[White "Prieto Gonzalez, Cesar"]
[Black "Benitez Cadenas, Luis Miguel"]
[Result "1/2-1/2"]
[WhiteElo "1535"]
[BlackElo "1584"]
[PlyCount "89"]
[EventDate "2017.09.17"]
[EventRounds "9"]
[EventCountry "ESP"]

1. e4 e5 2. Nf3 Nc6 3. Bb5 a6 4. Ba4 Nf6 5. d3 b5 6. Bb3 Be7 7. O-O d6 8. a4
Bb7 9. a5 h6 10. Re1 O-O 11. Nbd2 Na7 12. Nf1 c5 13. Bd2 Nc6 14. Ng3 Re8 15.
Nf5 Bf8 16. Ra2 Qc7 17. c4 b4 18. Qa1 Bc8 19. Ng3 Bg4 20. Nh4 Nd4 21. Ba4 Red8
22. f3 b3 23. Bxb3 Nxb3 24. Qd1 Bxf3 25. Nxf3 Nxd2 26. Qxd2 Rab8 27. Qc2 Rb4
28. b3 Rdb8 29. Nd2 Nh7 30. Qd1 Qd7 31. Qh5 g6 32. Qd1 Ng5 33. Ra3 h5 34. h3
Ne6 35. Ne2 Be7 36. Qc2 Bg5 37. Nf3 Bd8 38. Nc3 Nc7 39. Rb1 Qe6 40. Qf2 Kg7 41.
h4 Qg4 42. g3 Be7 43. Kh2 Rh8 44. Rf1 f6 45. Kg2 1/2-1/2

[Event "XXIX Torneo San Viator - Memorial Pepe "]
[Site "Colegio San Viator. Plaza Fer"]
[Date "2017.11.05"]
[Round "8.12"]
[White "Serrano Ruiz, Lope"]
[Black "Alameda Arellano, Cristeto"]
[Result "1/2-1/2"]
[WhiteElo "1521"]
[BlackElo "1577"]
[PlyCount "85"]
[EventDate "2017.09.17"]
[EventRounds "9"]
[EventCountry "ESP"]

1. e4 c6 2. Nf3 d5 3. Nc3 Bg4 4. h3 Bxf3 5. Qxf3 Nf6 6. exd5 cxd5 7. Bb5+ Nc6
8. d3 e6 9. Bg5 Be7 10. O-O O-O 11. Ne2 Ne5 12. Qf4 Ng6 13. Qd2 a6 14. Ba4 b5
15. Bb3 h6 16. Be3 Qd7 17. a4 b4 18. a5 Rfc8 19. Ba4 Qd6 20. Bb6 Ne5 21. c3
Ned7 22. Be3 bxc3 23. bxc3 Nc5 24. Rfb1 Rab8 25. Rb4 Nxa4 26. Raxa4 Qd7 27.
Rxb8 Rxb8 28. Ra1 Bd8 29. Nd4 e5 30. Nf3 Bc7 31. Bxh6 e4 32. Qg5 Ne8 33. Nd4
Bd8 34. Qg3 Bc7 35. Bf4 exd3 36. Bxc7 Qxc7 37. Qxd3 Qd6 38. Nf5 Qe6 39. Rb1
Rxb1+ 40. Qxb1 Qe5 41. Nd4 Nf6 42. Qf1 Qd6 43. Nf5 1/2-1/2

[Event "XXIX Torneo San Viator - Memorial Pepe "]
[Site "Colegio San Viator. Plaza Fer"]
[Date "2017.11.05"]
[Round "8.13"]
[White "Tenorio Garcia, Joel"]
[Black "Salgado Duarte, Pablo"]
[Result "1-0"]
[WhiteElo "1515"]
[BlackElo "1549"]
[PlyCount "59"]
[EventDate "2017.09.17"]
[EventRounds "9"]
[EventCountry "ESP"]

1. e4 c5 2. Nf3 Nc6 3. d4 cxd4 4. Nxd4 Nxd4 5. Qxd4 d6 6. Nc3 Bd7 7. Bg5 Qa5 8.
Bh4 e5 9. Qd5 Qc7 10. O-O-O Bc6 11. Bb5 a6 12. Bxc6+ bxc6 13. Qc4 Qb7 14. f4 f6
15. fxe5 dxe5 16. Qe6+ Be7 17. Rd6 Rc8 18. Rhd1 Kf8 19. Rd7 Qa8 20. Rf1 Rd8 21.
Rxe7 Nxe7 22. Rxf6+ gxf6 23. Qxf6+ Kg8 24. Qe6+ Kf8 25. Qxe7+ Kg8 26. Qe6+ Kg7
27. Bf6+ Kg6 28. Bxh8+ Kh5 29. g4+ Kh4 30. Bf6+ 1-0

[Event "XXIX Torneo San Viator - Memorial Pepe "]
[Site "Colegio San Viator. Plaza Fer"]
[Date "2017.11.05"]
[Round "8.14"]
[White "Bustos Bernardo, Diego"]
[Black "Fernandez Rodriguez, Alberto"]
[Result "1/2-1/2"]
[WhiteElo "1730"]
[BlackElo "1520"]
[PlyCount "86"]
[EventDate "2017.09.17"]
[EventRounds "9"]
[EventCountry "ESP"]

1. Nf3 Nf6 2. c4 g6 3. Nc3 Bg7 4. e4 d6 5. d4 O-O 6. Be2 Nbd7 7. O-O e5 8. Re1
exd4 9. Nxd4 Nc5 10. Bf1 a5 11. Rb1 Re8 12. f3 Ne6 13. Be3 Nxd4 14. Bxd4 Nd7
15. Be3 Ne5 16. Nd5 Be6 17. Qb3 b6 18. Red1 Qc8 19. Qc2 f5 20. Bg5 Qd7 21. Bd3
Nxd3 22. Qxd3 fxe4 23. fxe4 Bxd5 24. exd5 Re5 25. Bf4 Rf5 26. Bg3 Re8 27. b3
Re7 28. Re1 Qe8 29. Rxe7 Qxe7 30. Re1 Be5 31. Re4 Qg5 32. Re1 Bxg3 33. Qxg3
Qxg3 34. hxg3 Kf7 35. Re4 Re5 36. Rh4 h5 37. Kf2 Kf6 38. Kf3 Rf5+ 39. Ke2 Re5+
40. Kd2 Rf5 41. Ke2 Re5+ 42. Kd2 Rf5 43. Ke2 Re5+ 1/2-1/2

[Event "XXIX Torneo San Viator - Memorial Pepe "]
[Site "Colegio San Viator. Plaza Fer"]
[Date "2017.11.05"]
[Round "8.15"]
[White "Jimenez Alvaro, Angel"]
[Black "Urbelz Perez, Ignacio"]
[Result "1-0"]
[WhiteElo "1683"]
[BlackElo "1517"]
[PlyCount "51"]
[EventDate "2017.09.17"]
[EventRounds "9"]
[EventCountry "ESP"]

1. d4 e6 2. Nf3 Nf6 3. Bf4 c5 4. e3 Nc6 5. Nbd2 d5 6. c3 Qb6 7. Rb1 Bd7 8. Bd3
Nh5 9. Bg5 h6 10. Bh4 Bd6 11. Ne5 Nf6 12. f4 Rc8 13. Nxd7 Kxd7 14. O-O c4 15.
Bc2 Qc7 16. Nf3 Ng4 17. Ne5+ Bxe5 18. fxe5 f5 19. Qe2 g5 20. Bxf5 exf5 21. Rxf5
Ngxe5 22. Bg3 Rcf8 23. Rbf1 Qd8 24. dxe5 Rxf5 25. Rxf5 Qe7 26. Qf3 1-0

[Event "XXIX Torneo San Viator - Memorial Pepe "]
[Site "Colegio San Viator. Plaza Fer"]
[Date "2017.11.05"]
[Round "8.16"]
[White "Rojo Jorge, Angel"]
[Black "Ramos Antona, Enrique"]
[Result "1-0"]
[WhiteElo "1476"]
[BlackElo "1650"]
[PlyCount "71"]
[EventDate "2017.09.17"]
[EventRounds "9"]
[EventCountry "ESP"]

1. Nf3 Nf6 2. c4 e6 3. g3 b6 4. Bg2 Bb7 5. Nc3 Be7 6. O-O O-O 7. d4 Ne4 8. Qd3
Nxc3 9. Qxc3 d6 10. Re1 f5 11. b3 Nd7 12. Bf4 Nf6 13. Ng5 Ne4 14. Bxe4 Bxe4 15.
Nxe6 Qd7 16. Nxf8 Rxf8 17. d5 g5 18. Be3 f4 19. Bd4 fxg3 20. Qxg3 Rf4 21. h3
Bf5 22. Be3 Rh4 23. Bxg5 Rxh3 24. Qg2 Kh8 25. Bxe7 Qxe7 26. e4 Rh5 27. exf5 Qd8
28. Re3 Rxf5 29. Rae1 Rf8 30. Qe4 Qf6 31. R1e2 Qa1+ 32. Kg2 Qf6 33. Rg3 Rg8 34.
Rxg8+ Kxg8 35. Qe8+ Kg7 36. Qe7+ 1-0

[Event "XXIX Torneo San Viator - Memorial Pepe "]
[Site "Colegio San Viator. Plaza Fer"]
[Date "2017.11.05"]
[Round "8.17"]
[White "Torrecillas Adan, Luis"]
[Black "Correas Aguilera, Eufemio"]
[Result "0-1"]
[WhiteElo "1466"]
[BlackElo "1621"]
[PlyCount "64"]
[EventDate "2017.09.17"]
[EventRounds "9"]
[EventCountry "ESP"]

1. e4 d5 2. e5 c5 3. Bb5+ Bd7 4. Bxd7+ Nxd7 5. Nf3 e6 6. O-O Ne7 7. d3 Nc6 8.
Re1 Qc7 9. Bf4 g6 10. c3 Bg7 11. d4 O-O 12. Qd2 cxd4 13. cxd4 Rfc8 14. Nc3 a6
15. a3 Nb6 16. Qd3 Na5 17. Nd2 Nac4 18. Nxc4 Qxc4 19. Qxc4 Rxc4 20. Be3 Rac8
21. Rac1 Bf8 22. Red1 Bxa3 23. bxa3 Rxc3 24. Rxc3 Rxc3 25. h3 Nc4 26. Bg5 Rxa3
27. Rb1 b5 28. Bf6 Kf8 29. Rc1 Ke8 30. h4 b4 31. Bg5 b3 32. Kf1 b2 0-1

[Event "XXIX Torneo San Viator - Memorial Pepe "]
[Site "Colegio San Viator. Plaza Fer"]
[Date "2017.11.05"]
[Round "8.18"]
[White "Fernandez Garcia, Emilio"]
[Black "Blanco Martin, Oscar"]
[Result "1/2-1/2"]
[WhiteElo "1579"]
[BlackElo "1461"]
[PlyCount "49"]
[EventDate "2017.09.17"]
[EventRounds "9"]
[EventCountry "ESP"]

1. e4 e6 2. d4 d5 3. Nd2 dxe4 4. Nxe4 Bd7 5. Nf3 Bc6 6. Bd3 Nd7 7. O-O Ngf6 8.
Qe2 Be7 9. c4 Nxe4 10. Bxe4 Bxe4 11. Qxe4 c6 12. Be3 Nf6 13. Qc2 h6 14. Rad1
O-O 15. h3 Qc7 16. a3 a5 17. Rfe1 Rfd8 18. Qc1 Bf8 19. Bf4 Bd6 20. Bxd6 Rxd6
21. b4 axb4 22. axb4 Qd8 23. Qc2 Qe8 24. Ra1 Rdd8 25. Kh1 1/2-1/2

[Event "XXIX Torneo San Viator - Memorial Pepe "]
[Site "Colegio San Viator. Plaza Fer"]
[Date "2017.11.05"]
[Round "8.19"]
[White "Del Noval Nemeshazi, Mario"]
[Black "Comeron Galan, Daniel"]
[Result "0-1"]
[WhiteElo "1416"]
[BlackElo "1576"]
[PlyCount "58"]
[EventDate "2017.09.17"]
[EventRounds "9"]
[EventCountry "ESP"]

1. e4 d6 2. d4 Nf6 3. Nc3 Nbd7 4. f4 e5 5. Nf3 exd4 6. Qxd4 c6 7. h3 Qb6 8. Bc4
Qxd4 9. Nxd4 b5 10. Bb3 Bb7 11. a3 Nc5 12. e5 Nxb3 13. Nxb3 dxe5 14. fxe5 Nd7
15. Na5 O-O-O 16. Bf4 Bc5 17. Ne4 Be7 18. Nd6+ Bxd6 19. exd6 Rhe8+ 20. Kd2 Re4
21. Be3 Nf6 22. Bc5 Re5 23. b4 Ne4+ 24. Kd3 Nxc5+ 25. bxc5 Rxc5 26. Nxb7 Kxb7
27. Rhe1 Rxd6+ 28. Ke4 Rc4+ 29. Ke5 Rd5# 0-1

[Event "XXIX Torneo San Viator - Memorial Pepe "]
[Site "Colegio San Viator. Plaza Fer"]
[Date "2017.11.05"]
[Round "8.20"]
[White "Del Alamo Fajardo, Fernando"]
[Black "Rendo Quindos, Pedro"]
[Result "0-1"]
[WhiteElo "1383"]
[BlackElo "1550"]
[PlyCount "118"]
[EventDate "2017.09.17"]
[EventRounds "9"]
[EventCountry "ESP"]

1. e4 c5 2. Nf3 Nc6 3. d4 cxd4 4. Nxd4 Nf6 5. Nc3 g6 6. Be3 Bg7 7. Qd2 O-O 8.
O-O-O d6 9. Bc4 Ng4 10. Nxc6 bxc6 11. h3 Nxe3 12. Qxe3 a5 13. g4 a4 14. f4 Ba6
15. Bxa6 Rxa6 16. e5 a3 17. b3 Qc7 18. Rhe1 dxe5 19. fxe5 e6 20. h4 Ra5 21. Qg3
Qb8 22. h5 Bxe5 23. Qf3 Bxc3 24. Qxc3 Qc7 25. h6 f6 26. Rxe6 Qf4+ 27. Kb1 Rd5
28. Rxd5 cxd5 29. Qe3 Qxg4 30. Kc1 d4 31. Qe4 Qg5+ 32. Kd1 Qxh6 33. Qxd4 Qh5+
34. Kd2 f5 35. Qc4 Rd8+ 36. Rd6+ Kg7 37. Rxd8 Qg5+ 38. Kc3 Qxd8 39. b4 Qf6+ 40.
Qd4 f4 41. Kd3 Qxd4+ 42. Kxd4 Kf6 43. Ke4 g5 44. c4 Ke7 45. c5 Kd7 46. b5 Kc7
47. b6+ Kc6 48. Kf3 h5 49. Kg2 g4 50. Kf2 h4 51. Kg2 f3+ 52. Kg1 g3 53. Kh1 h3
54. Kg1 f2+ 55. Kf1 h2 56. Kg2 f1=Q+ 57. Kxf1 h1=Q+ 58. Ke2 Qh2+ 59. Ke3 g2 0-1

[Event "XXIX Torneo San Viator - Memorial Pepe "]
[Site "Colegio San Viator. Plaza Fer"]
[Date "2017.11.05"]
[Round "8.21"]
[White "Periotto Miori, Caterina"]
[Black "Barragan Sanchez, Enrique"]
[Result "0-1"]
[WhiteElo "1250"]
[BlackElo "1536"]
[PlyCount "68"]
[EventDate "2017.09.17"]
[EventRounds "9"]
[EventCountry "ESP"]

1. Nf3 Nf6 2. d4 e6 3. c4 d5 4. Nc3 Bb4 5. e3 c5 6. Qc2 Nc6 7. cxd5 exd5 8. a3
Bxc3+ 9. bxc3 c4 10. Be2 Ne4 11. Bb2 Bf5 12. Qd1 Na5 13. O-O Nb3 14. Ra2 O-O
15. Qe1 Re8 16. Bd1 Qb6 17. Kh1 h6 18. Be2 Bg4 19. Bc1 Qa5 20. Bb2 Bxf3 21.
Bxf3 Ned2 22. Rg1 Nxf3 23. gxf3 Rac8 24. Qe2 Rc6 25. Qc2 Ree6 26. Ba1 Rg6 27.
Rxg6 Rxg6 28. Qf5 Qd8 29. a4 Qh4 30. Qc8+ Kh7 31. Qf5 Nc1 32. Rc2 Nd3 33. h3
Nxf2+ 34. Rxf2 Qxf2 0-1

[Event "XXIX Torneo San Viator - Memorial Pepe "]
[Site "Colegio San Viator. Plaza Fer"]
[Date "2017.11.05"]
[Round "8.22"]
[White "Lopez Martin, Israel"]
[Black "Manso Santamaria, Juan Carlos"]
[Result "0-1"]
[WhiteElo "1444"]
[BlackElo "1703"]
[PlyCount "108"]
[EventDate "2017.09.17"]
[EventRounds "9"]
[EventCountry "ESP"]

1. e4 e6 2. d3 c5 3. Nf3 Nc6 4. Nbd2 d5 5. g3 Nf6 6. Bg2 Be7 7. O-O O-O 8. Re1
b6 9. e5 Nd7 10. Nf1 Bb7 11. h4 h6 12. N1h2 Qc7 13. Bf4 Rac8 14. Ng4 Qd8 15.
Nxh6+ gxh6 16. Bxh6 f5 17. Bg5 Rf7 18. Bf4 Rg7 19. Bh6 Rg6 20. Bf4 Kf7 21. h5
Rg7 22. Kh2 Qh8 23. h6 Rgg8 24. Rh1 Rg6 25. Kg1 Ncxe5 26. Qe2 Bf6 27. c3 Ba6
28. h7 Re8 29. Nxe5+ Nxe5 30. Bxe5 Bxe5 31. Re1 Bf6 32. Bf3 Qg7 33. Bh5 e5 34.
Bxg6+ Qxg6 35. c4 Bb7 36. Rh2 Rh8 37. Qh5 Qxh5 38. Rxh5 Kg6 39. Rh3 Rxh7 40.
Rxh7 Kxh7 41. f4 e4 42. dxe4 dxe4 43. Rd1 Bd4+ 44. Kf1 Kg6 45. b3 Kh5 46. Kg2
Kg4 47. Kh2 Bf2 48. Rd7 Bxg3+ 49. Kg1 Bc6 50. Rxa7 e3 51. Kf1 Kf3 52. Re7 Be4
53. Rxe4 fxe4 54. f5 e2+ 0-1

[Event "XXIX Torneo San Viator - Memorial Pepe "]
[Site "Colegio San Viator. Plaza Fer"]
[Date "2017.11.05"]
[Round "8.23"]
[White "Giron Herranz, Juan"]
[Black "Franco Rincon, David"]
[Result "0-1"]
[WhiteElo "1366"]
[BlackElo "1686"]
[PlyCount "94"]
[EventDate "2017.09.17"]
[EventRounds "9"]
[EventCountry "ESP"]

1. e4 e5 2. Nf3 Nc6 3. Nc3 Nf6 4. Bb5 d6 5. d4 exd4 6. Nxd4 Bd7 7. Nxc6 bxc6 8.
Be2 Be7 9. O-O O-O 10. Bg5 h6 11. Bh4 Nxe4 12. Bxe7 Qxe7 13. Nxe4 Qxe4 14. Qd3
Rfe8 15. Qxe4 Rxe4 16. Bd3 Re7 17. Rfe1 Rae8 18. Rxe7 Rxe7 19. Kf1 c5 20. Re1
Kf8 21. Rxe7 Kxe7 22. Ke2 Ke6 23. Ke3 a5 24. c3 g5 25. g3 f5 26. f4 d5 27. Be2
g4 28. Bd1 Bb5 29. Bc2 Bf1 30. Bd3 Bxd3 31. Kxd3 Kd6 32. b3 Kc6 33. a4 Kb6 34.
Ke3 c4 35. bxc4 Kc5 36. cxd5 Kc4 37. Kd2 Kxd5 38. Kd3 Kc5 39. Kc2 Kc4 40. Kb2
Kd3 41. Kb3 c5 42. Kb2 c4 43. Kb1 Kxc3 44. Kc1 Kb3 45. Kd2 c3+ 46. Kd3 c2 47.
Kd4 c1=Q 0-1

[Event "XXIX Torneo San Viator - Memorial Pepe "]
[Site "Colegio San Viator. Plaza Fer"]
[Date "2017.11.05"]
[Round "8.24"]
[White "Marcelo De La Mata, Daniel"]
[Black "Calvo Gonzalez, Jose Felix"]
[Result "1-0"]
[WhiteElo "1641"]
[BlackElo "1385"]
[PlyCount "83"]
[EventDate "2017.09.17"]
[EventRounds "9"]
[EventCountry "ESP"]

1. e4 c6 2. d4 d5 3. Nd2 dxe4 4. Nxe4 Bf5 5. Ng3 Bg6 6. Bc4 e6 7. N1e2 h6 8.
Nf4 Bh7 9. O-O Nf6 10. Re1 Be7 11. Bxe6 O-O 12. Bf5 g6 13. Bd3 Qxd4 14. Rxe7
Nbd7 15. c3 Qd6 16. Re1 Nc5 17. Be3 Nxd3 18. Qxd3 Qxd3 19. Nxd3 Nd5 20. Bxh6
Rfd8 21. Rad1 b6 22. c4 Nf6 23. Bg5 Rd6 24. f3 Nd7 25. Nb4 Rxd1 26. Rxd1 Ne5
27. b3 a5 28. Nc2 f5 29. Bd8 b5 30. cxb5 cxb5 31. Bf6 Rc8 32. Rd8+ Rxd8 33.
Bxd8 Nc6 34. Bb6 Kg7 35. Ne2 a4 36. Ned4 axb3 37. axb3 Nxd4 38. Nxd4 Bg8 39.
Kf2 Kf6 40. Ke3 Ke5 41. f4+ Kd6 42. Kd3 1-0

[Event "XXIX Torneo San Viator - Memorial Pepe "]
[Site "Colegio San Viator. Plaza Fer"]
[Date "2017.11.05"]
[Round "8.25"]
[White "Mateos Cordero, Francisco"]
[Black "Jimenez Perez, Federico"]
[Result "1-0"]
[WhiteElo "1618"]
[BlackElo "1381"]
[PlyCount "125"]
[EventDate "2017.09.17"]
[EventRounds "9"]
[EventCountry "ESP"]

1. d4 Nf6 2. Nf3 g6 3. e3 Bg7 4. Nbd2 O-O 5. Bd3 d6 6. O-O Bg4 7. h3 Bd7 8. c3
Re8 9. Qc2 e5 10. e4 Nh5 11. dxe5 dxe5 12. Nb3 Qc8 13. Kh2 Nf4 14. Bxf4 exf4
15. Nbd4 Nc6 16. Rfe1 Ne5 17. Nxe5 Bxe5 18. Nf3 Kh8 19. Nxe5 Rxe5 20. f3 Qd8
21. Rh1 Qh4 22. Kg1 Rae8 23. Qf2 Qe7 24. Rd1 Rg5 25. Qd4+ Kg8 26. Bc4 Bc6 27.
Qd2 Qf6 28. Qd4 Qe7 29. Qd2 Bb5 30. Bb3 Qc5+ 31. Qd4 Ree5 32. Qxc5 Rxc5 33. Kf2
Bc4 34. Rd8+ Kg7 35. Bxc4 Rxc4 36. Rhd1 b5 37. R1d5 Rxd5 38. Rxd5 b4 39. Rd4
Rxd4 40. cxd4 g5 41. g4 h6 42. Ke2 Kf6 43. Kd3 Ke6 44. Kc4 a5 45. Kb5 Kd6 46.
Kxa5 c5 47. Kb5 cxd4 48. Kxb4 Kc6 49. Kc4 d3 50. Kxd3 Kb5 51. Kc3 Ka4 52. Kc4
Ka5 53. b4+ Ka4 54. b5 f5 55. exf5 h5 56. b6 hxg4 57. hxg4 Ka5 58. b7 Kb6 59.
b8=Q+ Kc6 60. Qe8+ Kb6 61. Qb5+ Ka7 62. Qc6 Kb8 63. Qd7 1-0

[Event "XXIX Torneo San Viator - Memorial Pepe "]
[Site "Colegio San Viator. Plaza Fer"]
[Date "2017.11.05"]
[Round "8.26"]
[White "Cortijo Manso, Luis"]
[Black "Garcia Prada, Guillermo"]
[Result "0-1"]
[WhiteElo "1555"]
[BlackElo "1375"]
[PlyCount "134"]
[EventDate "2017.09.17"]
[EventRounds "9"]
[EventCountry "ESP"]

1. Nf3 Nc6 2. d4 d5 3. g3 Bf5 4. Bg2 e6 5. O-O Nf6 6. Nbd2 Bd6 7. c4 Nb4 8. a3
Nc6 9. Re1 Ne4 10. cxd5 exd5 11. Qb3 Nxd2 12. Bxd2 Be7 13. Qxb7 Bd7 14. Qb3 Rb8
15. Qc2 O-O 16. Bc3 Bg4 17. b4 Bxf3 18. Bxf3 Bf6 19. Rad1 Qd6 20. Qa2 Ne7 21.
e3 c6 22. Bg2 Nc8 23. Rc1 Nb6 24. b5 Rfc8 25. Bb4 Qd7 26. bxc6 Rxc6 27. Rxc6
Qxc6 28. Bc5 Rd8 29. Qb3 Nc8 30. Rb1 Be7 31. Qb5 Qg6 32. Bxe7 Nxe7 33. Rc1 Qd6
34. Qc5 Qxc5 35. Rxc5 g6 36. Bh3 f5 37. Bf1 Rc8 38. Ba6 Rxc5 39. dxc5 Kf7 40.
Bb7 Ke6 41. f4 Kd7 42. Kg2 Kc7 43. Ba6 Kc6 44. a4 Kxc5 45. Kf3 d4 46. e4 fxe4+
47. Kxe4 Nf5 48. Kd3 Kb6 49. Bc8 Kc5 50. Bxf5 gxf5 51. h3 h5 52. h4 Kd5 53. a5
a6 54. g4 fxg4 55. f5 Ke5 56. f6 Kxf6 57. Kxd4 Kf5 58. Ke3 Ke5 59. Kf2 Kf4 60.
Kg2 Ke4 61. Kg3 Ke3 62. Kg2 Kf4 63. Kf2 g3+ 64. Kg2 Kg4 65. Kg1 Kxh4 66. Kh1
Kh3 67. Kg1 g2 0-1

[Event "XXIX Torneo San Viator - Memorial Pepe "]
[Site "Colegio San Viator. Plaza Fer"]
[Date "2017.11.05"]
[Round "8.27"]
[White "Palomares Cortez, Facundo Sebast"]
[Black "Garcia Martin, Javier"]
[Result "1-0"]
[WhiteElo "1360"]
[BlackElo "1532"]
[PlyCount "111"]
[EventDate "2017.09.17"]
[EventRounds "9"]
[EventCountry "ESP"]

1. e4 e6 2. d4 d5 3. e5 c5 4. c3 Nc6 5. Nf3 Qb6 6. Be2 Bd7 7. O-O Nge7 8. Na3
cxd4 9. cxd4 Nf5 10. Nc2 Be7 11. b3 f6 12. Bb2 O-O 13. Rc1 Rac8 14. Qd2 Qd8 15.
exf6 Bxf6 16. Rfe1 Nh4 17. Nxh4 Bxh4 18. g3 Bg5 19. f4 Be7 20. Bg4 Rf6 21. Ba3
Bxa3 22. Nxa3 Ne7 23. Rxc8 Nxc8 24. Nb1 Ne7 25. Nc3 Nf5 26. Re5 Ne7 27. Qe1 Qb6
28. Kg2 Kf7 29. Qd2 Qd6 30. Qe3 a6 31. Qd2 b5 32. Bf3 Bc6 33. g4 Ng6 34. Ne2
Nh4+ 35. Kg3 Nxf3 36. Kxf3 Qc7 37. g5 Rf5 38. Rxf5+ exf5 39. Qc2 g6 40. Nc1 Qd6
41. Nd3 Bb7 42. b4 Qb6 43. Qc3 Qd6 44. a3 Qb6 45. Ne5+ Kg7 46. Ke3 Qd6 47. Kd2
Qb6 48. Kd3 Qd6 49. Qc5 Qxc5 50. dxc5 Kf8 51. Kd4 Ke7 52. c6 Ba8 53. Kxd5 Kd8
54. Kd6 Kc8 55. Nd7 Kd8 56. c7+ 1-0

[Event "XXIX Torneo San Viator - Memorial Pepe "]
[Site "Colegio San Viator. Plaza Fer"]
[Date "2017.11.05"]
[Round "8.28"]
[White "Caparros Armand, M Isabel"]
[Black "Garcia Prada, Alejandro"]
[Result "0-1"]
[WhiteElo "1293"]
[BlackElo "1505"]
[PlyCount "76"]
[EventDate "2017.09.17"]
[EventRounds "9"]
[EventCountry "ESP"]

1. Nf3 d5 2. g3 Nc6 3. Bg2 Bf5 4. O-O e6 5. d3 Nf6 6. Nbd2 Bc5 7. c4 O-O 8.
cxd5 exd5 9. Nb1 Re8 10. Bg5 h6 11. Bxf6 Qxf6 12. Nc3 Rad8 13. Qb3 Na5 14. Qb5
Qb6 15. Qxb6 Bxb6 16. Rfe1 Nc6 17. Rac1 Ne7 18. Nh4 Bh7 19. Bf3 c6 20. b4 Bd4
21. Nb1 Ng6 22. Nf5 Bf6 23. Ne3 Bg5 24. Nc3 d4 25. Ne4 dxe3 26. fxe3 Bxe3+ 27.
Nf2 Bxc1 28. Rxc1 Ne5 29. Bg2 Bf5 30. Rb1 Ng4 31. Bf3 Nxf2 32. Kxf2 Re5 33. a4
Rd7 34. Rb2 Be6 35. Rc2 Bd5 36. Bg4 f5 37. Bh3 g5 38. Rc5 Rde7 0-1